Top 30 Ballon d'or 2022 - Statistiques

Statistiques générales
  • Ce quiz a été pris 128 fois
  • Le résultat moyen est 20 sur 30
Statistiques - réponses
Classement Nationalité Réponse % Correct
1 Karim Benzema
99%
9 Luka Modric
98%
6 Kylian Mbappé
97%
3 Kevin De Bruyne
96%
5 Mohamed Salah
96%
2 Sadio Mané
95%
10 Erling Haaland
94%
11 Heung-min Son
93%
4 Robert Lewandowski
93%
7 Thibaut Courtois
92%
20 Cristiano Ronaldo
91%
8 Vinicius Jr
91%
12 Riyad Mahrez
87%
16 Virgil van Dijk
76%
22 Bernardo Silva
73%
21 Harry Kane
70%
24 Phil Foden
52%
19 Luis Diaz
51%
17 Casemiro
48%
18 Dusan Vlahovic
48%
13 Sébastien Haller
48%
25 Darwin Nunez
45%
14 Rafael Leao
43%
30 Joshua Kimmich
41%
27 Joao Cancelo
35%
23 Trent Alexander-Arnold
30%
29 Mike Maignan
27%
15 Fabinho
23%
28 Antonio Rüdiger
20%
26 Christopher Nkunku
17%
Aucun quiz correspondant
Distribution des résultats
% des personnes avec chaque résultat
Percentile par nombre de réponses
Votre historique - résultats
Vous n’avez pas pris ce quiz